Normal view
MARC view
- Sahgol, M
Entry Personal Name
001 - CONTROL NUMBER
- control field: 6138
003 - CONTROL NUMBER IDENTIFIER
- control field: OSt
005 - DATE AND TIME OF LATEST TRANSACTION
- control field: 20180212120440.0
008 - FIXED-LENGTH DATA ELEMENTS
- fixed length control field: 180212|| aca||aabn | a|a d
040 ## - CATALOGING SOURCE
- Original cataloging agency: OSt
- Transcribing agency: OSt
100 ## - HEADING--PERSONAL NAME
- Personal name: Sahgol, M
670 ## - SOURCE DATA FOUND
- Source citation: Work cat.: (OSt): Sahgol, M, CCE Awarness science -V, 2013